NBA Top 10 Undrafted Players All-Time - Statistics

General Stats
  • This quiz has been taken 136 times
  • The average score is 2 of 12
Answer Stats
Player % Correct
Ben Wallace
84%
Avery Johnson
34%
John Starks
20%
Brad Miller
19%
Bruce Bowen
17%
Udonis Haslem
17%
José Calderón
8%
J.J. Barea
6%
Wesley Matthews
6%
Connie Hawkins
5%
Raja Bell
4%
Earl Boykins
1%
No matching quizzes found
Score Distribution
Percent of People with Each Score
Percentile by Number Answered
Your Score History
You have not taken this quiz